|
|
|
|
| LEADER |
01080nam a2200289 a 4500 |
| 001 |
3002 |
| 003 |
BD-DhAAL |
| 005 |
20150621115000.0 |
| 008 |
150621s1998 maua b 001 0 eng |
| 010 |
|
|
|a 97011583
|
| 020 |
|
|
|a 0256130116
|
| 040 |
|
|
|a DLC
|c DLC
|d DLC
|d BD-DhAAL
|
| 050 |
0 |
0 |
|a HG3881
|b .L46 1998
|
| 082 |
0 |
0 |
|a 332/.042
|2 21
|
| 100 |
1 |
|
|a Levich, Richard M.
|9 12351
|
| 245 |
1 |
0 |
|a International financial markets :
|b prices and policies /
|c Richard M. Levich.
|
| 260 |
|
|
|a Boston, Mass. :
|b Irwin/McGraw-Hill,
|c c1998.
|
| 300 |
|
|
|a xxv, 663 p. :
|b ill. ;
|c 27 cm.
|
| 490 |
|
|
|a The Irwin/McGraw-Hill series in finance, insurance, and real estate
|
| 504 |
|
|
|a Includes bibliographical references and indexes.
|
| 541 |
|
|
|e 3002
|
| 650 |
|
0 |
|a International finance.
|9 10801
|
| 650 |
|
0 |
|a Investments, Foreign.
|9 12352
|
| 650 |
|
0 |
|a Securities
|x Prices.
|9 12353
|
| 942 |
|
|
|2 ddc
|c BK
|
| 999 |
|
|
|c 34805
|d 34805
|
| 952 |
|
|
|0 0
|1 0
|2 ddc
|4 0
|6 332_042000000000000_LEV
|7 0
|9 54453
|a SCL
|b SCL
|c GEN
|d 2015-06-21
|e Gift: The Asia Foundation
|l 0
|o 332.042 LEV
|p 3020003002
|r 2015-06-21
|t 1
|w 2015-06-21
|y BK
|